Penternakan & perikanan air tawar

Bibliographic Details
Main Author: Susanto, Heru
Other Authors: Hanani Jaafar
Format: Book
Published: Kuala Lumpur : Synergy Media , [s.n]
Series:Siri pertanian dan industri kecil
Subjects:

MARC

LEADER 00000cam a2200000 7i4500
001 0000024307
005 20081216.0
008 081216
020 |a 9673220915 
090 0 0 |a 639.31   |b SUS 
100 1 |a Susanto, Heru 
245 1 0 |a Penternakan & perikanan air tawar   |c Heru Susanto; adaptasi Hanani Jaafar 
260 |a Kuala Lumpur :   |b Synergy Media ,   |c [s.n] 
440 |a Siri pertanian dan industri kecil 
650 0 |a Fish   |x Culture 
650 0 |a Freshwater fishes 
700 0 |a Hanani Jaafar 
999 |a 0001037977   |b Book   |c Adult Collection   |e Perbadanan Perpustakaan Awam Johor 
999 |a 0001037978   |b Book   |c Adult Collection   |e Cawangan Kota Tinggi 
999 |a 0001037979   |b Book   |c Adult Collection   |e Perbadanan Perpustakaan Awam Johor 
999 |a 0001037980   |b Book   |c Adult Collection   |e Perbadanan Perpustakaan Awam Johor